000 00338nam a2200145Ia 4500
003 OSt
005 20240229112909.0
008 170524s9999 xx 000 0 und d
020 _a978-9339222574
040 _cIIMT UNIVERSITY
100 _aChandra Prasanna
245 0 _aFINANCIAL MANAGEMENT
260 _aNew Delhi:TMH
942 _2ddc
_c02
999 _c3046
_d3046